Resultados y lecciones en controladores biológicos: Bacillus subtilis y B. thuringiensis. Proyectos de innovación en Región del Maule. Valorización a mayo de 2011

Uloženo v:
Podrobná bibliografie
Korporace: Fundación para la Innovación Agraria (Autor), Ministerio de Agricultura (Autor)
Médium: Kniha
Jazyk:španělština
Vydáno: Santiago Fundación para la Innovación Agraria 2011
Edice:Experiencias de Innovación para el Emprendimiento Agrario, 83
Témata:
Tagy: Přidat tag
Žádné tagy, Buďte první, kdo vytvoří štítek k tomuto záznamu!

MARC

LEADER 00000cam a2200000 a 4500
001 UCF0962
003 CL-VaPUC
008 120614e20110000CL |||||||||||||||||spa|d
020 |a 9789563281002 
082 0 4 |a 632.3  |b FUN  |2 21 
110 2 |a Fundación para la Innovación Agraria  |e author  |9 562631 
710 2 |a Ministerio de Agricultura  |e author  |9 562632 
245 1 0 |a Resultados y lecciones en controladores biológicos: Bacillus subtilis y B. thuringiensis. Proyectos de innovación en Región del Maule. Valorización a mayo de 2011 
300 |a 28 p 
942 |c BK 
945 |d 20120614 00:00:00  |a dcastane 
260 |a Santiago  |b Fundación para la Innovación Agraria  |c 2011 
500 |a Incluye en forma separada ficha de valorización de resultados 
650 0 |a Control biológico de plagas   |9 328048 
650 0 |a Plagas agrícolas   |9 264238 
583 |a last modification  |c 20130325 04:38:25  |k Rodrigo Vera 
490 0 |a Experiencias de Innovación para el Emprendimiento Agrario, 83 
999 |c 347994  |d 347992 
952 |0 0  |1 0  |4 0  |6 632_300000000000000_FUN_2011  |7 0  |8 A  |9 449831  |a BIBAGR  |b BIBAGR  |d 2019-11-22  |i 4845994  |o 632.3 FUN 2011  |p 4845994  |r 2025-01-20  |w 2019-11-22  |y BK  |k AGR